Percepciones de amenaza y políticas de defensa en América Latina /

Detalles Bibliográficos
Autor principal: Varas, Augusto
Otros Autores: Cruz Johnson, va Rigoberto
Formato: Libro
Lenguaje:español
Publicado: Santiago, Chile FLACSO 1993
Materias:

MARC

LEADER 00000cam a2200000 a 4500
001 012296
003 UAHC_CL
005 20170803120905.0
008 010822b1993 cl j 000 1 spa j
040 |a UAHC_CL  |c UAHC_CL  |d UAHC_CL 
082 0 4 |a 351.895 
100 1 |a Varas, Augusto 
245 1 0 |a Percepciones de amenaza y políticas de defensa en América Latina /  |c Augusto Varas. 
260 |b FLACSO  |c 1993  |a Santiago, Chile 
300 |a 481 p. 
650 4 |a POLITICAS DE DEFENSA-AMERICA LATINA 
700 1 |a Cruz Johnson, va Rigoberto 
900 |a 351.895 PER 
942 |c BK 
952 |0 0  |1 0  |4 0  |6 351_895000000000000_PER  |7 0  |8 General  |9 25054  |a BC  |b BC  |c General  |d 2017-08-03  |l 0  |o 351.895 PER  |p 1308685  |r 2026-01-13 00:00:00  |t 1  |w 2017-08-03  |y BK 
999 |c 12296  |d 12296